Statistics for NFL TEAM BY JERSEY

Click here to take the quiz!

General Stats

  • This quiz has been taken 159 times
  • The average score is 16 of 32

Answer Stats

Answer% Correct
Baltimore Ravens
97%
San Francisco 49ers
75%
Detroit Lions
72%
Carolina Panthers
69%
Pittsburgh Steelers
69%
New Orleans Saints
68%
Minnesota Vikings
66%
Kansas City Chiefs
65%
Las Vegas Raiders
65%
Tennessee Titans
64%
Cleveland Browns
61%
Los Angeles Rams
57%
Los Angeles Chargers
54%
Tampa Bay Buccaneers
54%
Washington Redskins
52%
Indianapolis Colts
51%
Cincinnati Bengals
50%
Seattle Seahawks
50%
Houston Texans
48%
Dallas Cowboys
46%
Philadelphia Eagles
46%
Jacksonville Jaguars
44%
Green Bay Packers
43%
New York Giants
43%
Arizona Cardinals
42%
New England Patriots
36%
Buffalo Bills
25%
Miami Dolphins
25%
Atlanta Falcons
17%
Denver Broncos
12%
Chicago Bears
10%
New York Jets
7%

Score Distribution

Percentile by Number Answered

Percent of People with Each Score

Your Score History

You have not taken this quiz